Ari quepay, aquí nos quedamos : (Registro nro. 289)

Detalles MARC
000 -Cabecera
Campo de control interno 00757nam a2200229Ia 4500
005 - Fecha y hora del registro
control field 20251203123024.0
008 - Elementos de Longitud Fija
fixed length control field 251203t2020||||xx |||||||||||||| ||spa||
020 ## - ISBN
ISBN 9786124821844
041 ## - Idioma
Codigo Idioma ESP
082 ## - DEWEY y NOTACIÓN INTERNA
Dewey 650.1
Notación Interna E74
110 ## - AUTOR INSTTITUCIONAL
Autor Institucional Ernst & Young
245 #0 - TÍTULO DE MATERIAL BIBLIOGRÁFICO
Título Ari quepay, aquí nos quedamos :
Título paralelo historia y legado de las familias empresarias arequipeñas
250 ## - EDICIÓN
Edición Primera edición
260 ## - CIUDAD, EDITORIAL, AÑO
Ciudad Lima :
Nombre de la Editorial Ernst & Young Consultores,
Año 2020
300 ## - DESCRIPCIÓN
N° Páginas 177 páginas :
Otros detalles ilustraciones, fotografías ;
Dimensiones 29 cm.
Material Adicional
440 ## - MENCIÓN DE SERIE
Título de la Serie
Número de Serie
Volumen de Serie
650 ## - TEMAS
Temas Tecnología (Ciencias Aplicadas)
653 ## - DESCRIPTORES
Lenguajes no controlado Éxito en los negocios - Arequipa (Perú); Empresas familiares - Arequipa (Perú); Empresarios - Arequipa (Perú)
654 ## - PROGRAMAS
Programa Dpto. de Contabilidad
942 ## - ELEMENTOS DE KOHA
Tipo de documento Libro
Nombre del creador Justo Noguera
Código de catalogador Margarita Torres
Esquema de clasificación Dewey Decimal Classification
Suppress in OPAC
Existencias
Codigo completo Registro Colección Copia número Disponibilidad Tipo de préstamo Biblioteca Actual Procedencia (Biblioteca) Ubicacón Fecha Ingreso Tipo de Adquisición Date last seen Total checkouts Price effective from Tipo de Item Estado del Material Fuente de Clasificación Damaged status Withdrawn status
650.1 E74 1085168 Colección Vera Bejar 1   Restringido Víctor Andrés Belaunde Víctor Andrés Belaunde Planta baja cerrada 03/12/2025 Donación 03/12/2025   03/12/2025 Libro Bueno Dewey Decimal Classification   Withdrawn